Statistics for This And That

Click here to take the quiz!

General Stats

  • This quiz has been taken 19 times
  • The average score is 20 of 30

Answer Stats

HintAndAnswer% Correct
JekyllandHyde
95%
RockandRoll / A Hard Place
95%
Blood, SweatandTears
95%
ThickandThin
95%
RhythmandBlues
84%
Starsky and...andHutch
84%
ApplesandOranges
84%
Lock, StockandBarrel
79%
BreadandButter / Water
79%
MilkandHoney / Cookies
74%
KickingandScreaming
74%
NipandTuck
74%
AboveandBeyond
68%
Bright-eyedandBushy-tailed
68%
BallandChain / Socket
68%
TrialandError
68%
All ShapesandSizes
68%
TouchandGo
63%
BellsandWhistles
63%
BedandBreakfast / Board / Bath
58%
BeckandCall
58%
FootlooseandFancy Free
58%
SkinandBones
53%
BornandBred
53%
TarredandFeathered
53%
ShortandSweet / Stocky / Stout
53%
CeaseandDesist
47%
SickandTired
47%
ChecksandBalances
42%
DeathandTaxes
37%

Score Distribution

Percentile by Number Answered

Percent of People with Each Score

Your Score History

You have not taken this quiz